[Event "Olimpiade 2014 - Open"]
[Site "Tromsø"]
[Date "06.08.2014"]
[Round "5.11"]
[Board "1"]
[White "Nedev, Trajko"]
[Black "Saric, Ivan"]
[Result "0-1"]
[WhiteTitle "GM"]
[BlackTitle "GM"]
[WhiteElo "2484"]
[BlackElo "2671"]
[WhiteTeam "FYROM"]
[BlackTeam "Croatia"]
[WhiteFideId "15000605"]
[BlackFideId "14508150"]
[EventDate "2014.08.02"]

1. e4 c5 2. Nf3 d6 3. d4 cxd4 4. Nxd4 Nf6 5. Nc3 a6 6. Be3 e6 7. f3 b5 8. Qd2 b4
9. Na4 Nbd7 10. Bc4 Ne5 11. Bb3 Rb8 12. O-O Bd7 13. a3 a5 14. axb4 axb4 15. f4
Neg4 16. Qe2 Be7 17. Bd2 Qc7 18. h3 Qa7 19. Qd3 Bb5 20. Bc4 Bxc4 21. Qxc4 e5 22.
hxg4 Qxd4+ 23. Qxd4 exd4 24. Rfe1 Nxg4 25. b3 h5 26. Nb2 h4 27. Nd3 h3 28. g3
h2+ 29. Kg2 Rh5 30. Kf3 Ne3 31. Bxe3 dxe3 32. Kxe3 Bf6 33. e5 dxe5 34. Kf3 Rc8
35. Nxb4 Kf8 36. Rad1 e4+ 37. Kg4 g6 38. f5 gxf5+ 0-1

[Event "Olimpiade 2014 - Open"]
[Site "Tromsø"]
[Date "06.08.2014"]
[Round "5.11"]
[Board "2"]
[White "Palac, Mladen"]
[Black "Colovic, Aleksandar"]
[Result "1/2-1/2"]
[WhiteTitle "GM"]
[BlackTitle "GM"]
[WhiteElo "2563"]
[BlackElo "2487"]
[WhiteTeam "Croatia"]
[BlackTeam "FYROM"]
[WhiteFideId "14500116"]
[BlackFideId "15000729"]
[EventDate "2014.08.02"]

1. e4 c5 2. Nf3 e6 3. d4 cxd4 4. Nxd4 Nf6 5. Nc3 d6 6. Be3 Be7 7. Be2 Nc6 8. O-O
O-O 9. f4 e5 10. Nxc6 bxc6 11. Kh1 exf4 12. Bxf4 Be6 13. Qe1 Nd7 14. Rd1 Qc7 15.
Qg3 Ne5 16. Na4 Rad8 17. c4 Ng6 18. Bg5 Bxg5 19. Qxg5 c5 20. b3 Ne5 21. Qg3 f6
22. Rd2 Rd7 23. Rfd1 Rfd8 24. h3 a6 25. Nc3 Qa5 26. Rc1 Kh8 27. Bd3 Nc6 28. Be2
Ne5 29. Bd3 Nc6 30. Be2 Ne5 1/2-1/2

[Event "Olimpiade 2014 - Open"]
[Site "Tromsø"]
[Date "06.08.2014"]
[Round "5.11"]
[Board "3"]
[White "Mitkov, Nikola"]
[Black "Kozul, Zdenko"]
[Result "1/2-1/2"]
[WhiteTitle "GM"]
[BlackTitle "GM"]
[WhiteElo "2500"]
[BlackElo "2608"]
[WhiteTeam "FYROM"]
[BlackTeam "Croatia"]
[WhiteFideId "15000290"]
[BlackFideId "14502879"]
[EventDate "2014.08.02"]

1. e4 c5 2. Nc3 e6 3. Nf3 a6 4. d4 cxd4 5. Nxd4 d6 6. Bd3 Nf6 7. O-O Nbd7 8. Bd2
Be7 9. a4 Ne5 10. Be2 Qc7 11. Kh1 O-O 12. f4 Nc4 13. Bc1 e5 14. fxe5 dxe5 15.
Nf5 Bxf5 16. Rxf5 Bb4 17. Na2 Rfd8 18. Bd3 Ba5 19. Rxf6 gxf6 20. Bh6 f5 21. exf5
Rd4 22. b3 Qd6 23. Qc1 Bd2 24. Bxd2 Nxd2 25. Qxd2 e4 26. Qg5+ Kh8 27. Be2 Rd2
28. Qe3 Rxc2 29. Qxe4 Qc5 30. h3 Rd8 31. f6 Rcd2 32. Re1 Qg5 33. Nc3 Qxf6 34.
Qe3 Rb2 35. Bc4 Qg7 36. Qe8+ Rxe8 37. Rxe8+ Qg8 38. Rxg8+ Kxg8 39. Kh2 Kf8 40.
Kg3 Ke7 41. Kf3 f5 42. Nd1 Rd2 43. Ne3 Kf6 44. g3 h6 45. h4 Rb2 46. Bd5 b5 47.
axb5 axb5 48. Kf4 Rd2 49. Kf3 Ke5 50. Bg8 Rd7 51. Bd5 Rc7 52. Ke2 Rg7 53. Kf2
Ra7 54. Bc6 Ra2+ 55. Kf3 Ra3 56. Bd5 Ra7 57. Bc6 Ra3 1/2-1/2

[Event "Olimpiade 2014 - Open"]
[Site "Tromsø"]
[Date "06.08.2014"]
[Round "5.11"]
[Board "4"]
[White "Zelcic, Robert"]
[Black "Bogdanovski, Vlatko"]
[Result "1-0"]
[WhiteTitle "GM"]
[BlackTitle "GM"]
[WhiteElo "2548"]
[BlackElo "2426"]
[WhiteTeam "Croatia"]
[BlackTeam "FYROM"]
[WhiteFideId "14500310"]
[BlackFideId "15000206"]
[EventDate "2014.08.02"]

1. e4 Nf6 2. e5 Nd5 3. d4 d6 4. Nf3 dxe5 5. Nxe5 c6 6. Be2 Bf5 7. O-O Nd7 8. Nf3
e6 9. c4 N5f6 10. Nc3 Bd6 11. Nh4 O-O 12. Nxf5 exf5 13. Bf3 Re8 14. Qc2 Ne4 15.
g3 Ndf6 16. Be3 h6 17. Rad1 Qa5 18. c5 Bf8 19. Bxe4 Nxe4 20. b4 Qxb4 21. Nxe4
Rxe4 22. Rb1 Qa5 23. Rxb7 Rd8 24. Qb3 Re6 25. Qc4 g5 26. Kg2 Bg7 27. Rd1 Rd5 28.
Rb8+ Kh7 29. Rc8 a6 30. Rxc6 Qd8 31. Rxe6 fxe6 32. c6 Qc7 33. f3 Rd6 34. Rc1 a5
35. Qa6 Bf6 36. Rc2 Kg6 37. Qa8 Bd8 38. Qb7 a4 39. a3 Kf7 40. Qb5 Qa7 41. Qb7+
Qxb7 42. cxb7 Rb6 43. Rc8 Rxb7 44. Rxd8 Rb3 45. Bf2 Rxa3 46. d5 1-0

[Event "Olimpiade 2014 - Open"]
[Site "Tromsø"]
[Date "06.08.2014"]
[Round "5.13"]
[Board "1"]
[White "Navara, David"]
[Black "Grandelius, Nils"]
[Result "1/2-1/2"]
[WhiteTitle "GM"]
[BlackTitle "GM"]
[WhiteElo "2716"]
[BlackElo "2571"]
[WhiteTeam "Czech Republic"]
[BlackTeam "Sweden"]
[WhiteFideId "309095"]
[BlackFideId "1710400"]
[EventDate "2014.08.02"]

1. d4 Nf6 2. c4 g6 3. g3 Bg7 4. Bg2 d5 5. cxd5 Nxd5 6. Nf3 Nb6 7. Nc3 Nc6 8. e3
O-O 9. O-O Re8 10. a3 Bg4 11. h3 Bd7 12. Nd2 Na5 13. Nde4 Be6 14. Nc5 Bc4 15. b4
Bxf1 16. Qxf1 Nac4 17. Nxb7 Qc8 18. Na5 c5 19. Nxc4 cxd4 20. Nxb6 Qxc3 21. Nxa8
Qxa1 22. exd4 Bxd4 23. Bf4 Qxa3 24. Nc7 Rc8 25. Qe1 Qb2 26. Nd5 Rc2 27. Nxe7+
Kg7 28. Be3 Bxe3 29. Qxe3 Qxb4 30. Nd5 Qb1+ 31. Bf1 Qa1 32. Kg2 Rc1 33. Be2 a5
34. Bf3 Rg1+ 35. Kh2 Re1 36. Qd2 Rc1 37. h4 h5 38. Bg2 a4 39. Nf4 Rd1 40. Qc2
Qd4 41. Qc7 Qd6 42. Qa7 a3 43. Be4 Kg8 44. Bd5 Rxd5 45. Nxd5 Qxd5 46. Qxa3 1/2-1/2

[Event "Olimpiade 2014 - Open"]
[Site "Tromsø"]
[Date "06.08.2014"]
[Round "5.13"]
[Board "2"]
[White "Agrest, Evgenij"]
[Black "Laznicka, Viktor"]
[Result "0-1"]
[WhiteTitle "GM"]
[BlackTitle "GM"]
[WhiteElo "2595"]
[BlackElo "2676"]
[WhiteTeam "Sweden"]
[BlackTeam "Czech Republic"]
[WhiteFideId "1705024"]
[BlackFideId "316385"]
[EventDate "2014.08.02"]

1. c4 c6 2. Nf3 d5 3. e3 Nf6 4. Qc2 a6 5. h3 e6 6. b3 c5 7. Bb2 Nc6 8. cxd5 exd5
9. a3 Be6 10. Bd3 Rc8 11. Bf5 Bxf5 12. Qxf5 Be7 13. O-O O-O 14. Bxf6 Bxf6 15.
Nc3 g6 16. Qd3 b5 17. Rac1 Ne7 18. Qb1 Qb6 19. b4 c4 20. d4 Rfd8 21. Kh1 Rb8 22.
Ng1 Nc6 23. Nge2 Bg5 24. Rcd1 Bh6 25. Qb2 a5 26. Na2 Bf8 27. Nec3 axb4 28. Nxb4
Nxb4 29. axb4 Qd6 30. Rb1 h5 31. Qe2 h4 32. Rb2 Qc6 33. Rd1 Ra8 34. e4 dxe4 35.
d5 Qe8 36. Nxe4 Bg7 37. Rc2 f5 38. Nc5 Qxe2 39. Rxe2 Ra1 40. Ree1 Rxd1 41. Rxd1
Bc3 42. Ne6 Rd7 43. Nc5 Rd6 44. Nb7 Rb6 45. Na5 Bxb4 46. Nc6 Bd6 47. Rb1 c3 48.
Na5 Bf4 49. Nb3 Rd6 50. g3 hxg3 51. fxg3 Bxg3 52. Rd1 Bf4 53. Rd3 Be5 54. Kg2 b4
55. Kf3 Kf7 56. Ke2 Ra6 57. Re3 Bf4 58. Rf3 Ra3 59. Rxf4 Rxb3 60. Kd3 Rb2 61.
Rf1 c2 62. Ra1 b3 0-1

[Event "Olimpiade 2014 - Open"]
[Site "Tromsø"]
[Date "06.08.2014"]
[Round "5.13"]
[Board "3"]
[White "Hracek, Zbynek"]
[Black "Hillarp Persson, Tiger"]
[Result "1-0"]
[WhiteTitle "GM"]
[BlackTitle "GM"]
[WhiteElo "2634"]
[BlackElo "2549"]
[WhiteTeam "Czech Republic"]
[BlackTeam "Sweden"]
[WhiteFideId "300071"]
[BlackFideId "1700812"]
[EventDate "2014.08.02"]

1. e4 g6 2. d4 Bg7 3. Nc3 d6 4. Be3 a6 5. h4 Nf6 6. f3 b5 7. Qd2 h5 8. O-O-O c6
9. Kb1 Qc7 10. e5 Nd5 11. f4 Be6 12. Nf3 Nxc3+ 13. Qxc3 Bd5 14. Bd3 e6 15. Ng5
Nd7 16. Rhg1 Bh6 17. Rdf1 Bxg5 18. exd6 Qxd6 19. fxg5 a5 20. Bf4 Qe7 21. g4 hxg4
22. Rxg4 b4 23. Qe1 e5 24. Bxe5 Nxe5 25. Qxe5 Qxe5 26. dxe5 Be6 27. Rgf4 Rd8 28.
b3 Ke7 29. Kb2 c5 30. a3 Rd4 31. Rxd4 cxd4 32. axb4 axb4 33. Rf4 Rd8 34. Kc1 Rd5
35. Kd2 Rd8 36. Be4 Bc8 37. Bd3 Be6 38. Ke2 Rd7 39. Kd1 Rd5 40. Kc1 Rd7 41. Be4
Rd8 42. Kd2 Bc8 43. Rf6 Rh8 44. Bd5 Be6 45. Bxe6 fxe6 46. Rf4 Rd8 47. Kd3 Rd5
48. Rxd4 Rxe5 49. Rxb4 Re1 50. Re4 Rb1 51. b4 Kd6 52. Kc4 e5 53. Rg4 Ke6 54. Kc5
Kf5 55. Rg2 Rh1 56. b5 Rxh4 57. b6 1-0

[Event "Olimpiade 2014 - Open"]
[Site "Tromsø"]
[Date "06.08.2014"]
[Round "5.13"]
[Board "4"]
[White "Berg, Emanuel"]
[Black "Babula, Vlastimil"]
[Result "1/2-1/2"]
[WhiteTitle "GM"]
[BlackTitle "GM"]
[WhiteElo "2554"]
[BlackElo "2549"]
[WhiteTeam "Sweden"]
[BlackTeam "Czech Republic"]
[WhiteFideId "1704060"]
[BlackFideId "301264"]
[EventDate "2014.08.02"]

1. e4 e5 2. Nf3 Nc6 3. Bb5 Nf6 4. O-O Nxe4 5. d4 Nd6 6. dxe5 Nxb5 7. a4 Nbd4 8.
Nxd4 d5 9. exd6 Nxd4 10. Qxd4 Qxd6 11. Qe3+ Be6 12. Nc3 a6 13. Rd1 Qc6 14. Qd4
Bd6 15. Nb5 O-O 16. Nxd6 cxd6 17. Rd3 Bf5 18. Rc3 Qe4 19. Qxe4 Bxe4 20. Bf4 Rfc8
21. Rxc8+ Rxc8 22. c3 Bc6 23. f3 d5 24. Kf2 Bd7 25. Be5 f6 26. Bd4 Re8 27. g4
Kf7 28. b3 h5 29. h3 hxg4 30. hxg4 g5 31. Rh1 Kg6 32. Be3 Rc8 33. Bd4 Re8 34.
Rh5 Be6 35. Kg3 Bd7 36. Kf2 Be6 37. Rh2 Bd7 38. Rh1 Be6 39. Rd1 Bd7 40. Be3 Bc6
41. Bc5 Kf7 42. Rh1 Kg6 43. Rd1 Kf7 44. Bd6 Rd8 45. Bg3 Re8 46. Rd4 Rh8 47. Rd1
Re8 48. Bc7 Rc8 49. Bb6 Re8 50. Rf1 Bd7 51. Bd4 Kg6 52. Re1 1/2-1/2

[Event "Olimpiade 2014 - Open"]
[Site "Tromsø"]
[Date "06.08.2014"]
[Round "5.14"]
[Board "1"]
[White "Urkedal, Frode"]
[Black "Lenic, Luka"]
[Result "1/2-1/2"]
[WhiteTitle "IM"]
[BlackTitle "GM"]
[WhiteElo "2500"]
[BlackElo "2659"]
[WhiteTeam "Norway 2"]
[BlackTeam "Slovenia"]
[WhiteFideId "1506102"]
[BlackFideId "14603853"]
[EventDate "2014.08.02"]

1. d4 Nf6 2. c4 e6 3. Nf3 b6 4. g3 Bb7 5. Bg2 Bb4+ 6. Bd2 Bxd2+ 7. Qxd2 O-O 8.
Nc3 Ne4 9. Nxe4 Bxe4 10. O-O d6 11. Ne1 Bxg2 12. Nxg2 Nd7 13. Rad1 c6 14. e4 d5
15. cxd5 cxd5 16. e5 Rc8 17. Rc1 Nb8 18. Rxc8 Qxc8 19. Rc1 Qa6 20. Nf4 Rc8 21.
Nh5 h6 22. b3 Nc6 23. Nf6+ gxf6 24. exf6 Kh7 25. Qc2+ Kg8 26. Qd2 Kh7 27. Qc2+
Kg8 1/2-1/2

[Event "Olimpiade 2014 - Open"]
[Site "Tromsø"]
[Date "06.08.2014"]
[Round "5.14"]
[Board "3"]
[White "Hansen, Torbjorn Ringdal"]
[Black "Borisek, Jure"]
[Result "1-0"]
[WhiteTitle "IM"]
[BlackTitle "GM"]
[WhiteElo "2450"]
[BlackElo "2569"]
[WhiteTeam "Norway 2"]
[BlackTeam "Slovenia"]
[WhiteFideId "1501720"]
[BlackFideId "14603152"]
[EventDate "2014.08.02"]

1. e4 e5 2. Nf3 Nc6 3. Bb5 Nf6 4. O-O Nxe4 5. d4 Nd6 6. Bg5 Be7 7. Bxe7 Nxe7 8.
dxe5 Nxb5 9. a4 b6 10. axb5 Bb7 11. Qd3 Ng6 12. Nbd2 O-O 13. Ra4 Qe7 14. Re1
Rfd8 15. Qc3 c6 16. bxc6 dxc6 17. h4 h6 18. h5 Nf8 19. Rg4 Ne6 20. Qe3 Kh8 21.
Ne4 Bc8 22. Nd6 Nc7 23. Rg3 Nb5 24. Nxb5 cxb5 25. Nd4 Rd5 26. Qe4 Qc5 27. Nxb5
Be6 28. c4 Rdd8 29. Nd6 Rab8 30. Nb7 1-0

[Event "Olimpiade 2014 - Open"]
[Site "Tromsø"]
[Date "06.08.2014"]
[Round "5.14"]
[Board "4"]
[White "Sebenik, Matej"]
[Black "Tari, Aryan"]
[Result "0-1"]
[WhiteTitle "GM"]
[BlackTitle "IM"]
[WhiteElo "2537"]
[BlackElo "2440"]
[WhiteTeam "Slovenia"]
[BlackTeam "Norway 2"]
[WhiteFideId "14602296"]
[BlackFideId "1510045"]
[EventDate "2014.08.02"]

1. Nf3 d5 2. c4 d4 3. g3 Nc6 4. Bg2 e5 5. d3 Nf6 6. O-O Bd6 7. e3 O-O 8. exd4
exd4 9. Na3 Bf5 10. Nc2 Bc5 11. Re1 h6 12. Ne5 Nxe5 13. Rxe5 Bg4 14. Qf1 Bd6 15.
Re1 Rb8 16. b4 c5 17. bxc5 Bxc5 18. Rb1 Qa5 19. h3 Bd7 20. a3 b5 21. Bf4 Rbe8
22. cxb5 Bxb5 23. Be5 Nd7 24. Bxd4 Bxd4 25. Rxe8 Bxf2+ 26. Qxf2 Rxe8 27. Nd4
Bxd3 28. Rb7 Nf6 29. Nc6 Qxa3 30. Rxa7 Qc1+ 31. Kh2 Re2 32. Ne7+ Kh7 33. Qf3
Rxg2+ 0-1

[Event "Olimpiade 2014 - Open"]
[Site "Tromsø"]
[Date "06.08.2014"]
[Round "5.15"]
[Board "1"]
[White "Lupulescu, Constantin"]
[Black "Garcia, Ricardo NCA"]
[Result "1-0"]
[WhiteTitle "GM"]
[BlackTitle "FM"]
[WhiteElo "2625"]
[BlackElo "2215"]
[WhiteTeam "Romania"]
[BlackTeam "Nicaragua"]
[WhiteFideId "1207822"]
[BlackFideId "6104347"]
[EventDate "2014.08.02"]

1. d4 Nf6 2. c4 e6 3. Nc3 d5 4. Nf3 Be7 5. Bf4 O-O 6. a3 c5 7. dxc5 Bxc5 8. e3
Nc6 9. Rc1 Re8 10. Bg5 Be7 11. Be2 Qa5 12. O-O Rd8 13. Qc2 dxc4 14. Bxc4 Ne5 15.
Nxe5 Qxe5 16. Bf4 Qh5 17. Be2 Qa5 18. Bf3 e5 19. Bg5 Be6 20. Bxf6 Bxf6 21. Bxb7
Rab8 22. Be4 Bb3 23. Qe2 Rb6 24. Bc2 Be6 25. Rfd1 Rc8 26. Na4 Rbc6 27. b4 Rxc2
28. Qxc2 Qa6 29. b5 Qa5 30. Qxc8+ 1-0

[Event "Olimpiade 2014 - Open"]
[Site "Tromsø"]
[Date "06.08.2014"]
[Round "5.15"]
[Board "2"]
[White "Ortiz, Marcos"]
[Black "Parligras, Mircea-Emilian"]
[Result "1-0"]
[BlackTitle "GM"]
[WhiteElo "2214"]
[BlackElo "2574"]
[WhiteTeam "Nicaragua"]
[BlackTeam "Romania"]
[WhiteFideId "6100678"]
[BlackFideId "1204297"]
[EventDate "2014.08.02"]

1. e4 c6 2. d4 d5 3. e5 Bf5 4. Nc3 e6 5. g4 Bg6 6. Nge2 c5 7. h4 h5 8. Nf4 Bh7
9. Nxh5 cxd4 10. Qxd4 Nc6 11. Bb5 Ne7 12. Bg5 a6 13. Bxe7 axb5 14. Bxd8 Nxd4 15.
O-O-O Nxc2 16. Bf6 Nb4 17. Nxg7+ Bxg7 18. Bxg7 Rg8 19. Bf6 Kd7 20. a3 Nd3+ 21.
Rxd3 Bxd3 22. Kd2 Bh7 23. Nxb5 Rac8 24. f3 Rc2+ 25. Ke3 Rxb2 26. Nd6 Ra8 27. Rc1
Rxa3+ 28. Kf4 d4 29. Nxf7 d3 30. Bd8 d2 31. Rc7+ Ke8 32. Re7+ Kf8 33. Nd6 Bg6
34. Kg5 Rb6 35. Kxg6 Rxd6 36. exd6 d1=Q 37. d7 Qc2+ 38. Kh6 Ra8 39. Re8+ Kf7 40.
Re7+ Kf6 41. g5+ Ke5 42. Re8 Kd6 43. Bf6 Kxd7 44. Rxa8 e5 45. g6 Qc6 46. Rf8 1-0

[Event "Olimpiade 2014 - Open"]
[Site "Tromsø"]
[Date "06.08.2014"]
[Round "5.15"]
[Board "3"]
[White "Nevednichy, Vladislav"]
[Black "Madrigal, Mariano"]
[Result "1-0"]
[WhiteTitle "GM"]
[BlackTitle "IM"]
[WhiteElo "2554"]
[BlackElo "2156"]
[WhiteTeam "Romania"]
[BlackTeam "Nicaragua"]
[WhiteFideId "1205730"]
[BlackFideId "6100961"]
[EventDate "2014.08.02"]

1. e4 c5 2. Nf3 Nc6 3. Bb5 g6 4. O-O Bg7 5. c3 e5 6. d4 cxd4 7. cxd4 Nxd4 8.
Nxd4 exd4 9. e5 Ne7 10. Qxd4 O-O 11. Bf4 d5 12. Nc3 Be6 13. Rad1 Qc7 14. Rfe1 h6
15. h3 Rfd8 16. Ba4 a6 17. Rc1 Nf5 18. Qd2 Qa5 19. Bb3 Kh7 20. Qd1 Qb4 21. Bd2
Qd4 22. Qe2 Qh4 23. Qg4 Qe7 24. Na4 h5 25. Qb4 Qxb4 26. Bxb4 b5 27. Nc5 a5 28.
Bd2 a4 29. Bc2 Rac8 30. Bd3 Rb8 31. Nxe6 fxe6 32. Rc6 Nd4 33. Rc7 Rdc8 34. Rec1
Rxc7 35. Rxc7 Kg8 36. f4 g5 37. Be3 Nf5 38. Bxf5 exf5 39. Kf2 gxf4 40. Bxf4 Re8
41. Rc5 Bxe5 42. Bxe5 Rxe5 43. Rxb5 Kf7 44. Ra5 Re4 45. Rxd5 Rb4 46. Rd2 Kf6 47.
Ke3 Ke5 48. Kd3 h4 49. Rf2 f4 50. Kc3 Re4 51. b4 axb3 52. Kxb3 Re3+ 53. Kb4 Rg3
54. a4 Ke4 55. a5 Rg6 56. Re2+ Kd3 57. Ra2 Ke3 58. a6 f3 59. gxf3 Kxf3 60. a7 1-0

[Event "Olimpiade 2014 - Open"]
[Site "Tromsø"]
[Date "06.08.2014"]
[Round "5.15"]
[Board "4"]
[White "Medrano, Randall"]
[Black "Vajda, Levente"]
[Result "0-1"]
[WhiteTitle "FM"]
[BlackTitle "GM"]
[WhiteElo "2116"]
[BlackElo "2561"]
[WhiteTeam "Nicaragua"]
[BlackTeam "Romania"]
[WhiteFideId "6100970"]
[BlackFideId "1203975"]
[EventDate "2014.08.02"]

1. e4 e5 2. Nf3 Nc6 3. Bc4 Bc5 4. c3 Nf6 5. d3 O-O 6. O-O d5 7. exd5 Nxd5 8.
Nbd2 Nb6 9. Bb5 Bd6 10. Re1 Bd7 11. d4 Nxd4 12. Bxd7 Nxf3+ 13. Qxf3 Nxd7 14.
Qxb7 Nc5 15. Qf3 f5 16. Qd5+ Rf7 17. Nc4 e4 18. Nxd6 cxd6 19. f3 Rb8 20. Re2 Qb6
21. fxe4 Nxe4+ 22. Be3 Qa6 23. Rae1 Rb5 24. Qc4 d5 25. Qd3 Qc6 26. Rf1 a5 27.
Bd4 Rbb7 28. Qh3 Qc4 29. Ree1 Qc8 30. Re2 a4 31. a3 Rbe7 32. Qd3 Qc6 33. Rc2 Nd6
34. Re2 Re4 35. Ref2 g6 36. Qd1 Rb7 37. Qc1 Nb5 38. Be3 Nc7 39. Bh6 Ne6 40. Re1
Nc5 41. Rd1 Qe6 42. Qd2 Rd7 43. Rf3 Nb3 44. Qd3 Qc6 45. Re3 Qb6 46. Kh1 Nc5 47.
Qe2 Kf7 48. Rf1 Rde7 49. Qd2 Qe6 50. Rxe4 Qxe4 51. h3 Qd3 52. Qc1 Re2 53. Qf4
Ne6 54. Qxa4 Rxb2 55. Qd7+ Kf6 56. Re1 Re2 57. Rxe2 Qxe2 58. Qxd5 g5 59. Qa8 g4
60. h4 Qe1+ 0-1

[Event "Olimpiade 2014 - Open"]
[Site "Tromsø"]
[Date "06.08.2014"]
[Round "5.16"]
[Board "1"]
[White "McNab, Colin A"]
[Black "Predojevic, Borki"]
[Result "0-1"]
[WhiteTitle "GM"]
[BlackTitle "GM"]
[WhiteElo "2441"]
[BlackElo "2604"]
[WhiteTeam "Scotland"]
[BlackTeam "Bosnia & Herzegovina"]
[WhiteFideId "2400030"]
[BlackFideId "930849"]
[EventDate "2014.08.02"]

1. Nf3 c5 2. c4 Nc6 3. g3 g6 4. Bg2 Bg7 5. Nc3 d6 6. O-O Bf5 7. e4 Bg4 8. h3
Bxf3 9. Qxf3 e6 10. a3 Nge7 11. Rb1 O-O 12. d3 a6 13. Bd2 b5 14. cxb5 Nd4 15.
Qd1 axb5 16. Be3 Nec6 17. Bxd4 Nxd4 18. Ne2 Nc6 19. Qc2 Qb6 20. Kh2 b4 21. f4 b3
22. Qd2 Qa5 23. Qd1 Rab8 24. f5 Qd8 25. e5 Nxe5 26. d4 Nc4 27. Qd3 d5 28. fxe6
fxe6 29. Rxf8+ Qxf8 30. Nf4 Qf5 31. Qxf5 gxf5 32. Nxe6 cxd4 33. Nxd4 Ne3 34. Nc6
Rb5 35. Nb4 Rc5 36. Bf3 Rc2+ 37. Nxc2 bxc2 38. Rc1 Bxb2 39. Bxd5+ Kg7 40. Rxc2
Nxc2 41. a4 Ne3 42. Bc6 Bc3 43. h4 Kf6 44. Kh3 Be1 45. Bb7 Ke5 46. Bf3 Ba5 47.
Bb7 Bb4 48. Bc6 Ng4 49. Kg2 Be1 50. Kf3 Nf6 51. Bb5 Ne4 52. g4 f4 53. Bd3 Nc5
54. Bxh7 Bxh4 55. Bc2 Bd8 56. Ke2 Ne6 57. Kd3 f3 58. Ke3 Ng5 59. Bd1 Bb6+ 60.
Kd3 f2 61. Be2 Ne4 62. Bf1 Ng3 63. Bh3 Kf4 64. Kc4 Ne4 65. Kd3 Ba5 66. Bf1 Nf6
67. Kc4 Nxg4 68. Kb5 Bc3 69. a5 Nh2 70. Bc4 Bd4 71. Kc6 Ke3 72. a6 Kd2 73. Kd5
Ba7 74. Ke4 Ke1 75. Bb5 Nf1 76. Kf3 Nd2+ 77. Kf4 Nb3 78. Ke4 Nd4 0-1

[Event "Olimpiade 2014 - Open"]
[Site "Tromsø"]
[Date "06.08.2014"]
[Round "5.16"]
[Board "2"]
[White "Dizdarevic, Emir"]
[Black "Greet, Andrew N"]
[Result "0-1"]
[WhiteTitle "GM"]
[BlackTitle "IM"]
[WhiteElo "2522"]
[BlackElo "2431"]
[WhiteTeam "Bosnia & Herzegovina"]
[BlackTeam "Scotland"]
[WhiteFideId "14400049"]
[BlackFideId "405817"]
[EventDate "2014.08.02"]

1. Nf3 d5 2. e3 Nf6 3. c4 e6 4. b3 c5 5. cxd5 exd5 6. Be2 Nc6 7. O-O Bd6 8. d4
cxd4 9. Nxd4 Qe7 10. Nf3 Be6 11. Bb2 O-O 12. Nc3 a6 13. Rc1 Rfd8 14. Qc2 Rac8
15. Qb1 Bb8 16. Rfd1 Ng4 17. h3 Nxf2 18. Kxf2 Qc7 19. Bf1 Qg3+ 20. Kg1 Ne5 21.
Nd4 Bxh3 22. Rd3 Ng4 23. Nf3 Qf2+ 24. Kh1 Bxg2+ 25. Bxg2 Rc6 0-1

[Event "Olimpiade 2014 - Open"]
[Site "Tromsø"]
[Date "06.08.2014"]
[Round "5.16"]
[Board "3"]
[White "Tate, Alan"]
[Black "Stojanovic, Dalibor"]
[Result "1/2-1/2"]
[WhiteTitle "FM"]
[BlackTitle "GM"]
[WhiteElo "2347"]
[BlackElo "2503"]
[WhiteTeam "Scotland"]
[BlackTeam "Bosnia & Herzegovina"]
[WhiteFideId "2401878"]
[BlackFideId "922692"]
[EventDate "2014.08.02"]

1. e4 c5 2. Nf3 e6 3. d4 cxd4 4. Nxd4 Nc6 5. Nc3 Qc7 6. f4 Nxd4 7. Qxd4 a6 8.
Be3 b5 9. O-O-O Bb7 10. Bd3 Rc8 11. Rhe1 Nf6 12. Kb1 Bc5 13. Qxc5 Qxc5 14. Bxc5
Rxc5 15. e5 Ng4 16. Be4 Bc6 17. Bxc6 Rxc6 18. Rd3 f5 19. h3 Nf2 20. Rd4 Rf8 21.
Rf1 Ne4 22. Nxe4 fxe4 23. Rxe4 g5 24. g4 Rc4 25. Rxc4 bxc4 26. f5 exf5 27. gxf5
Kf7 28. Kc1 Re8 29. Rd1 Rxe5 30. Rxd7+ Kf6 31. Rxh7 Re3 32. Kd2 Rg3 33. Rh5 a5
34. a4 Ke5 35. h4 g4 36. f6+ Kxf6 37. Rxa5 c3+ 38. bxc3 Rh3 39. h5 Rh2+ 40. Ke3
Rxc2 41. Kf4 Rxc3 42. Ra6+ Kf7 43. Kxg4 Rc4+ 44. Kg5 Kg8 45. a5 Kh7 46. Ra7+ Kh8
47. Kf6 Rc6+ 48. Ke7 Rc5 49. Kd6 Rf5 50. h6 Kg8 51. Rg7+ Kh8 52. Ra7 Kg8 53. Ke6
Rc5 54. Rg7+ Kh8 55. Ra7 Kg8 56. a6 Rc6+ 57. Kd7 Rf6 58. Ra8+ Kh7 59. a7 Ra6 60.
Kc7 Ra1 1/2-1/2

[Event "Olimpiade 2014 - Open"]
[Site "Tromsø"]
[Date "06.08.2014"]
[Round "5.16"]
[Board "4"]
[White "Kadric, Denis"]
[Black "McKay, Roderick M"]
[Result "1-0"]
[WhiteTitle "IM"]
[BlackTitle "IM"]
[WhiteElo "2473"]
[BlackElo "2349"]
[WhiteTeam "Bosnia & Herzegovina"]
[BlackTeam "Scotland"]
[WhiteFideId "14403803"]
[BlackFideId "2400049"]
[EventDate "2014.08.02"]

1. e4 c5 2. Nc3 e6 3. Nge2 Nc6 4. d4 cxd4 5. Nxd4 Nf6 6. Ndb5 d6 7. Bf4 e5 8.
Bg5 a6 9. Na3 b5 10. Bxf6 gxf6 11. Nd5 f5 12. Nxb5 axb5 13. Bxb5 Bd7 14. exf5
Rb8 15. a4 Qg5 16. O-O Rg8 17. g3 Qxf5 18. a5 Nd4 19. Bxd7+ Kxd7 20. c3 Nf3+ 21.
Kg2 e4 22. a6 Rg6 23. a7 Rh6 24. Qa4+ Ke6 25. Nf4+ Kf6 26. Rh1 1-0

[Event "Olimpiade 2014 - Open"]
[Site "Tromsø"]
[Date "06.08.2014"]
[Round "5.17"]
[Board "1"]
[White "Ghaem Maghami, Ehsan"]
[Black "Sulskis, Sarunas"]
[Result "1/2-1/2"]
[WhiteTitle "GM"]
[BlackTitle "GM"]
[WhiteElo "2594"]
[BlackElo "2544"]
[WhiteTeam "Iran"]
[BlackTeam "Lithuania"]
[WhiteFideId "12500739"]
[BlackFideId "12800112"]
[EventDate "2014.08.02"]

1. d4 Nf6 2. c4 e6 3. Nc3 Bb4 4. g3 c5 5. Nf3 Nc6 6. Bg2 Ne4 7. Bd2 Nxd2 8. Qxd2
cxd4 9. Nxd4 Ne5 10. Nc2 Be7 11. b3 O-O 12. O-O a6 13. Rfd1 d6 14. Rac1 Rb8 15.
Ne3 f5 16. a4 f4 17. gxf4 Ng6 18. f5 Nf4 19. fxe6 Bxe6 20. Ned5 Nxg2 21. Kxg2
Bg5 22. f4 Bxf4 23. Nxf4 Qg5+ 24. Kh1 Rxf4 25. Qxd6 Re8 26. Rg1 Qf5 27. e4 Qf7
28. Nd5 Bxd5 29. Qxd5 Rexe4 30. Rcd1 h6 31. Qxf7+ Rxf7 32. Rge1 Rxe1+ 33. Rxe1
Rf3 34. b4 Rb3 35. b5 Rb4 36. Re8+ Kh7 37. bxa6 bxa6 38. a5 Ra4 39. Re5 Rxc4 40.
Re6 Ra4 41. Rxa6 Ra2 42. Ra8 Kg6 43. a6 Kh5 44. Kg1 Kg5 45. Ra7 g6 46. Ra8 Kg4
47. a7 h5 48. Rg8 Ra1+ 49. Kg2 Ra2+ 50. Kg1 Ra1+ 51. Kg2 1/2-1/2